000 00638nam a2200193 a 4500
005 20240925064226.0
008 991125s1962 bar 000 0 spa u
035 _aUPN01000041193
049 _aCG
050 4 _aLB1105
_bP3.2a no.6 1962
100 1 _aMichaux, León.
245 1 3 _aEl niño perverso /
_cLeón Michaux ; tr. C. Mata Ros.
260 _aBarcelona, Esp. :
_bL. Miracle,
_c1962.
300 _a122 p.
440 0 _aPaideia.
_pBiblioteca práctica de pedagogía, psicología y psicopatología de la infancia ;
_v6
650 4 _aNiño, Estudio del
_9221
650 4 _aNiños con discapacidad
_xEducación
_91549
905 _aLibro
999 _c41193
_d41193